书目信息 |
| 书名: | Applications of discrete and continuous Fourier analysis | |
| 作者: | H. Joseph Weaver. | |
| 分册号: | ||
| 分册名: | 出版地: | New York : |
|
| 出版社: | Wiley | |
| 出版时间: | c1983. | |
| 页数: | xii, 375 p. : | |
| 开本: | 24 cm. | |
| 丛书名: | ||
| 中图分类号: | ||
| 科图分类号: | ||
| 其他分类号: | O158:H31 | |
| 主题词: | ||
| 电子资源: | ||
| 000 | 00733pam 2200241 a 4504 | |
| 001 | E0736121811 | |
| 005 | 20070228100450.37 | |
| 008 | 840608s1983 nyua b 00110 eng | |
| 010 | @a83003651 | |
| 020 | @a047187115X. | |
| 035 | @a0400-39060 | |
| 050 | 00 | @aQA403.5@b.W43 1983 |
| 090 | @aP153.4/W16 | |
| 090 | @aO158:H31 | |
| 099 | @dO158:H31@ex10 | |
| 100 | 1 | @aWeaver, H. Joseph. |
| 245 | 10 | @aApplications of discrete and continuous Fourier analysis / @cH. Joseph Weaver. |
| 260 | @aNew York :@bWiley,@cc1983. | |
| 300 | @axii, 375 p. :@bill. ;@c24 cm. | |
| 500 | @a"A Wiley-Interscience publication." | |
| 504 | @aIncludes bibliographies and index. | |
| 650 | 0 | @aFourier analysis. |
| 920 | @a232010@z2 | |
| Applications of discrete and continuous Fourier analysis / / H. Joseph Weaver.-New York : : Wiley, , c1983. |
| xii, 375 p. : : ill. ; ; 24 cm. |
| "A Wiley-Interscience publication." .-Includes bibliographies and index. |
| ISBN 047187115X. |
| ● |
| 相关链接 |
|
|
|
|
正题名:Applications of discrete and continuous Fourier analysis
索取号:O158:H31/x10
 
预约/预借
| 序号 | 登录号 | 条形码 | 馆藏地/架位号 | 状态 | 备注 |
| 1 | 129471 | 000453663 | 第四借阅区/ [索取号:O158:H31/x10] | 在馆 | |
| 2 | 129472 | 000453627 | 第二样本阅览室/ [索取号:O158:H31/x10] | 在馆 |